Japan Rugby - World Cup Opponents 1987-2023 - Statistics

General Stats
  • This quiz has been taken 42 times
  • The average score is 14 of 16
Answer Stats
Hint Opponent % Correct
1987 Australia
100%
2003 France
100%
1995 New Zealand
100%
1987 United States
100%
1987 England
98%
1991 Ireland
98%
2015 South Africa
98%
1999 Samoa
93%
1991 Scotland
93%
1995 Wales
90%
2003 Fiji
88%
2007 Canada
85%
2011 Tonga
80%
1999 Argentina
73%
2019 Russia
66%
1991 Zimbabwe
54%
No matching quizzes found
Score Distribution
Percent of People with Each Score
Percentile by Number Answered
Your Score History
You have not taken this quiz